El dirigente de empresa

Uloženo v:
Podrobná bibliografie
Hlavní autor: Clément, Marcel
Médium: Kniha
Jazyk:španělština
Vydáno: Buenos Aires Atlántico 1957
Témata:
Tagy: Přidat tag
Žádné tagy, Buďte první, kdo vytvoří štítek k tomuto záznamu!

MARC

LEADER 00000nam a22000005a 4500
003 CL-ChBUA
005 20120815091457.0
008 080505s1957 ag ||||| |||| 000 ||spa
040 |a CL-ChBUA  |c CL-ChBUA 
082 0 0 |a 658.386 
090 |c 23079  |d 23079 
100 1 |a Clément, Marcel 
245 1 0 |a El dirigente de empresa 
260 |a Buenos Aires  |b Atlántico  |c 1957 
300 |a 207 p.  |c 21 cm. 
504 |a Indice, apéndice. 
650 4 |a ADMINISTRACION 
942 |c LIB 
952 |0 0  |1 0  |4 0  |7 0  |9 56061  |a UNACH  |b UNACH  |c 600  |d 2008-05-05  |i 8.839  |l 0  |o 658.386 / C 626  |p 57147  |r 2012-12-27 00:00:00  |u 56061  |w 2012-08-08  |y LIB  |k 658.386 / C 626 
999 |c 23079  |d 23079